LDR 00926naa#a2200169#i#450# 001 RU\\bibl\126816 005 20260701170702.3 011 ## _a1815-588X 100 ## _a20260630b2026####ek#y0rusy0150####ca 102 ## _aRU 200 1# _aРасчет паразитных емкостей асинхронного тягового электродвигателя, управляемого преобразователем частоты _eЖурнальная статья 210 1# _aСанкт-Петербург _cФГБОУ ВО "Петербургский государственный университет путей сообщения Императора Александра I" _d2026 215 ## _a10 с. 608 ## _aЖурнальная статья _2local 675 ## _aАсинхронные электродвигатели. 621.313.333 _z 700 #1 _aКарманов _gАлександр Валерьевич 856 4# _aatjournal.ru _u